Fr. Conceicao Rodrigues College of Engineering

Engineering physics (Record no. 35968)

MARC details
000 -LEADER
fixed length control field 00268 a2200121 4500
000 - LEADER
fixed length control field nam a22 7a 4500
020 ## - INTERNATIONAL STANDARD BOOK NUMBER
International Standard Book Number 9788194026716
100 ## - MAIN ENTRY--PERSONAL NAME
Personal name Swati Bawra
9 (RLIN) 47
245 ## - TITLE STATEMENT
Title Engineering physics
250 ## - EDITION STATEMENT
Edition statement 7
260 ## - PUBLICATION, DISTRIBUTION, ETC.
Name of publisher, distributor, etc. P.Jamnadas
Date of publication, distribution, etc. 2023
264 ## - PRODUCTION, PUBLICATION, DISTRIBUTION, MANUFACTURE, AND COPYRIGHT NOTICE
Name of producer, publisher, distributor, manufacturer P.Jamnadas

No items available.